| 000 | 00447nam a22001697a 4500 | ||
|---|---|---|---|
| 999 |
_c534318 _d534318 |
||
| 003 | NUST - | ||
| 005 | 20200213125509.0 | ||
| 008 | 160112b xxu||||| |||| 00| 0 eng d | ||
| 020 | _a- | ||
| 038 | _aMSOHAIL | ||
| 040 | _cLIBRARY | ||
| 082 | _a891.4399 NAS | ||
| 100 |
_aNasim Hijazi _91042 |
||
| 245 |
_aKafla e hijaz - قافلہ حجاز _cNasim Hijazi - نسیم حجاز |
||
| 650 |
_aUrdu Literature _xGeneral _920894 |
||
| 942 |
_2ddc _cBK |
||